[Event "Madurai Athens of the East op 1st"]
[Site "Madurai"]
[Date "2019.08.12"]
[Round "2"]
[White "Shivasubramanian, R."]
[Black "Nitin, Senthilvel"]
[Result "0-1"]
[WhiteElo "1916"]
[BlackElo "2358"]
[PlyCount "79"]
[EventDate "2019.08.11"]
[EventType "swiss"]
[EventRounds "10"]
[EventCountry "IND"]
[SourceTitle "CBM 191 Extra"]
[Source "ChessBase"]
[SourceDate "2019.09.30"]
[SourceVersion "1"]
[SourceVersionDate "2019.09.30"]
[SourceQuality "1"]

1. Nf3 c5 2. g3 g6 3. Bg2 Bg7 4. 0-0 e5 5. d3 Ne7 6. c4 Nbc6 7. Nc3 d6 8. Rb1 0-0 9. Ne1 Be6 10. Nd5 Rb8 11. Nxe7+ Nxe7 12. b4 cxb4 13. Rxb4 d5 14. Qa4 Nc6 15. Rb1 Nd4 16. Rb2 dxc4 17. dxc4 Rc8 18. Nf3 Rxc4 19. Qd1 Nxf3+ 20. exf3 Rd4 21. Qc2 Bc4 22. Re1 b5 23. Be3 Rd7 24. a4 Qa5 25. Rc1 a6 26. axb5 axb5 27. Bf1 Rc8 28. Bxc4 bxc4 29. Ra2 Qd5 30. Kg2 f5 31. Ra4 c3 32. h4 Qe6 33. h5 gxh5 34. Rh4 f4 35. Rxh5 Qg6 36. Qb3+ Rf7 37. Rh4 fxe3 38. Rxc3 Rcc7 39. Rc5 Rxc5 40. Qc3 0-1

[Event "Mumbai Wealth rating op 4th"]
[Site "Mumbai"]
[Date "2019.01.06"]
[Round "8"]
[White "Aditya, Varun Gampa"]
[Black "Shivasubramanian, R."]
[Result "1-0"]
[WhiteElo "1809"]
[BlackElo "1738"]
[PlyCount "175"]
[EventDate "2018.12.30"]
[EventType "swiss"]
[EventRounds "9"]
[EventCountry "IND"]
[SourceTitle "CBM 188 Extra"]
[Source "ChessBase"]
[SourceDate "2019.02.26"]
[SourceVersion "1"]
[SourceVersionDate "2019.02.26"]
[SourceQuality "1"]

1. e4 e6 2. d4 d5 3. Nc3 Nf6 4. e5 Nfd7 5. Nce2 c5 6. c3 Nc6 7. a3 Be7 8. Nf3 cxd4 9. cxd4 0-0 10. Nf4 Nb6 11. h4 f6 12. Bd3 f5 13. g4 Qe8 14. gxf5 exf5 15. Be3 Qf7 16. Ng5 Bxg5 17. hxg5 g6 18. Rh6 Nd8 19. Ke2 Ne6 20. Qh1 Nxf4+ 21. Bxf4 Be6 22. Qh3 Rfc8 23. Rh1 Rc7 24. b3 Rd8 25. Bd2 Nc8 26. f4 Rdd7 27. Bb5 Rd8 28. Bd3 Rdd7 29. a4 a6 30. Bb4 Rc6 31. Bc5 Rcc7 32. a5 Rc6 33. b4 Rcc7 34. Qe3 Rd8 35. Qh3 Rdd7 36. Kd2 Rd8 37. Be2 Rdd7 38. Rh2 Rd8 39. Qf3 Rdd7 40. Qh1 Rd8 41. R2h3 Rdd7 42. Bd1 Rd8 43. Ba4 Qg7 44. Bd1 Qf7 45. Bh5 gxh5 46. R3xh5 Qd7 47. g6 Qa4 48. Qb1 Rdd7 49. Qc2 Qxc2+ 50. Kxc2 Kh8 51. g7+ Rxg7 52. Rxe6 Ne7 53. Kd2 Ng8 54. Rxf5 Rg2+ 55. Ke3 Rcg7 56. Rg5 R7xg5 57. fxg5 Rxg5 58. Re8 h5 59. Rf8 h4 60. Rf4 Rh5 61. Kf2 h3 62. Kg1 h2+ 63. Kh1 Nh6 64. e6 Nf5 65. Rg4 Rh3 66. e7 Re3 67. Kxh2 Nxe7 68. Rg5 Nc6 69. Rxd5 Rb3 70. Rd7 Nxb4 71. Rxb7 Rb2+ 72. Kg3 Nd3 73. Rb6 Kg8 74. Kf3 Ra2 75. Rxa6 Nxc5 76. dxc5 Kf7 77. Ke4 Ke7 78. Kd5 Kd7 79. Ra7+ Kc8 80. Kc6 Kb8 81. Ra6 Ra1 82. Rb6+ Ka7 83. Rb2 Rxa5 84. Kd6 Ra1 85. Kc7 Ka8 86. c6 Ra3 87. Kc8 Ra6 88. c7 1-0

[Event "Mumbai Wealth rating op 4th"]
[Site "Mumbai"]
[Date "2018.12.31"]
[Round "2"]
[White "Shivasubramanian, R."]
[Black "Laddha, Yash Jayesh"]
[Result "1-0"]
[WhiteElo "1738"]
[BlackElo "1449"]
[PlyCount "107"]
[EventDate "2018.12.30"]
[EventType "swiss"]
[EventRounds "9"]
[EventCountry "IND"]
[SourceTitle "CBM 188 Extra"]
[Source "ChessBase"]
[SourceDate "2019.02.26"]
[SourceVersion "1"]
[SourceVersionDate "2019.02.26"]
[SourceQuality "1"]

1. d4 Nf6 2. Bf4 e6 3. Nf3 c5 4. e3 d5 5. c3 Nc6 6. Nbd2 Bd6 7. Bg3 0-0 8. Bd3 Qe7 9. Ne5 Bd7 10. f4 c4 11. Bb1 Qd8 12. 0-0 h6 13. Bh4 Be7 14. Qc2 Ne4 15. Bxe7 Qxe7 16. Nxe4 dxe4 17. Qxe4 f5 18. Qf3 Nxe5 19. fxe5 Bc6 20. Qg3 Qe8 21. Bc2 g5 22. Bd1 Qg6 23. Bf3 Bxf3 24. Qxf3 Rf7 25. Qe2 Rc8 26. Rad1 Rd7 27. g4 b5 28. gxf5 exf5 29. Qf3 Rf7 30. Qd5 a6 31. Rd2 Re8 32. Rdf2 Kg7 33. Qf3 f4 34. exf4 Rxf4 35. Qxf4 gxf4+ 36. Rg2 Rf8 37. Rxg6+ Kxg6 38. Kg2 Kf5 39. Kf3 Rg8 40. Re1 Re8 41. e6 Rxe6 42. Rxe6 Kxe6 43. Kxf4 Kd5 44. h4 a5 45. h5 b4 46. a3 b3 47. Kf5 a4 48. Kf4 Ke6 49. Ke4 Kf6 50. d5 Ke7 51. Kd4 Kd6 52. Kxc4 Kd7 53. Kb5 Kd6 54. c4 1-0